Central Library OPAC University of Rajshahi

Information analysis in management accounting / (Record no. 15157)

MARC details
000 -LEADER
fixed length control field 00916cam a2200289 i 4500
001 - CONTROL NUMBER
control field 15157
003 - CONTROL NUMBER IDENTIFIER
rucl marc code BD-RjUL
005 - DATE AND TIME OF LATEST TRANSACTION
control field 20211208235748.0
008 - FIXED-LENGTH DATA ELEMENTS--GENERAL INFORMATION
fixed length control field 140209s1978 caua b 001 0 eng
020 ## - INTERNATIONAL STANDARD BOOK NUMBER
International Standard Book Number 0471028150
035 ## - SYSTEM CONTROL NUMBER
System control number (BD-RjUL)15211
040 ## - CATALOGING SOURCE
Original cataloging agency DLC
Transcribing agency DLC
Modifying agency DLC
-- BD-RjUL
Language of cataloging eng
041 ## - LANGUAGE CODE
Language code of text/sound track or separate title eng
082 00 - DEWEY DECIMAL CLASSIFICATION NUMBER
Classification number 658.1511
Author mark and year ANI 1978
Edition number 23
100 1# - MAIN ENTRY--PERSONAL NAME
Personal name Anderson, Donald L.
9 (RLIN) 47160
245 00 - TITLE STATEMENT
Title Information analysis in management accounting /
Statement of responsibility, etc. by Donald L. Anderson, Donald L. Raun.
260 ## - PUBLICATION, DISTRIBUTION, ETC. (IMPRINT)
Place of publication, distribution, etc. New York:
Name of publisher, distributor, etc. Wiley,
Date of publication, distribution, etc. c1978.
300 ## - PHYSICAL DESCRIPTION
Pagination 715 p. :
Illustrations ill. ;
Size 24 cm.
490 0# - SERIES STATEMENT
Series statement Wiley/Hamilton series in accounting and information systems
500 ## - GENERAL NOTE
General note "A Wiley/Hamilton publication."
504 ## - BIBLIOGRAPHY, ETC. NOTE
Bibliography, etc Includes bibliographical references & Index.
650 #0 - SUBJECT ADDED ENTRY--TOPICAL TERM
Topical term or geographic name as entry element Managerial accounting.
9 (RLIN) 47159
700 1# - ADDED ENTRY--PERSONAL NAME
Personal name Raun, Donald L.
942 ## - ADDED ENTRY ELEMENTS (KOHA)
Source of classification or shelving scheme Dewey Decimal Classification
Koha item type Books
Holdings
Lost status Source of classification or shelving scheme Damaged status Not for loan Collection code Permanent Location Current Location Shelving location Date acquired Source of acquisition Cost, normal purchase price Total Checkouts Full call number Date last seen Copy number Koha item type
  Dewey Decimal Classification   Not For Loan Non-fiction Central Library, University of Rajshahi Central Library, University of Rajshahi   02/03/1958 Tulip 47.25   658.1511 ANI 1978 09/02/2014 C-1 Books
  Dewey Decimal Classification     Non-fiction Central Library, University of Rajshahi Central Library, University of Rajshahi   02/03/1985 Tulip 47.25   658.1511 ANI 1978 10/02/2014 C-2 Books
  Dewey Decimal Classification     Non-fiction Central Library, University of Rajshahi Central Library, University of Rajshahi   02/03/1985 Tulip Interprise , Dhaka 47.25   658.1511 ANI 1978 15/04/2019 C-3 Books
  Dewey Decimal Classification     Non-fiction Central Library, University of Rajshahi Central Library, University of Rajshahi   02/03/1985 Tulip Interprise 47.25   658.1511 ANI 1978 15/04/2019 C-4 Books
  Dewey Decimal Classification     Non-fiction Central Library, University of Rajshahi Central Library, University of Rajshahi   02/03/1985 Tulip Interprise 47.25   658.1511 ANI 1978 15/04/2019 C-5 Books
  Dewey Decimal Classification     Non-fiction Central Library, University of Rajshahi Central Library, University of Rajshahi   02/03/1985 Tulip Interprise 47.25   658.1511 ANI 1978 15/04/2019 C-6 Books
  Dewey Decimal Classification     Non-fiction Central Library, University of Rajshahi Central Library, University of Rajshahi   02/03/1985 Tulip Interprise 47.25   658.1511 ANI 1978 15/04/2019 C-7 Books
  Dewey Decimal Classification     Non-fiction Central Library, University of Rajshahi Central Library, University of Rajshahi   02/03/1985 Tulip Interprise 47.25   658.1511 ANI 1978 15/04/2019 C-8 Books
  Dewey Decimal Classification     Non-fiction Central Library, University of Rajshahi Central Library, University of Rajshahi   02/03/1985 Tulip Interprise 47.25   658.1511 ANI 1978 15/04/2019 C-9 Books
  Dewey Decimal Classification     Non-fiction Central Library, University of Rajshahi Central Library, University of Rajshahi   02/03/1985 Tulip Interprise 47.25   658.1511 ANI 1978 15/04/2019 C-10 Books
  Dewey Decimal Classification     Non-fiction Central Library, University of Rajshahi Central Library, University of Rajshahi   02/03/1985 Tulip Interprise 47.25   658.1511 ANI 1978 15/04/2019 C-11 Books
  Dewey Decimal Classification     Non-fiction Central Library, University of Rajshahi Central Library, University of Rajshahi   02/03/1985 Tulip Interprise 47.25   658.1511 ANI 1978 15/04/2019 C-12 Books